Jurisdiction over the suspension of officers' certificates of competency. (Record no. 36971)
[ view plain ]
| 000 -LEADER | |
|---|---|
| fixed length control field | 00795cam a22002291 4500 |
| 001 - CONTROL NUMBER | |
| control field | l 58000111 |
| 003 - CONTROL NUMBER IDENTIFIER | |
| control field | DLC |
| 005 - DATE AND TIME OF LATEST TRANSACTION | |
| control field | 20260227111545.0 |
| 008 - FIXED-LENGTH DATA ELEMENTS--GENERAL INFORMATION | |
| fixed length control field | 800222s1957 sz i100 0 eng |
| 010 ## - LIBRARY OF CONGRESS CONTROL NUMBER | |
| LC control number | l 58000111 |
| 035 ## - SYSTEM CONTROL NUMBER | |
| System control number | (OCoLC)6013541 |
| 040 ## - CATALOGING SOURCE | |
| Original cataloging agency | DLC |
| Transcribing agency | NBuU |
| Modifying agency | DLC |
| 042 ## - AUTHENTICATION CODE | |
| Authentication code | premarc |
| 050 00 - LIBRARY OF CONGRESS CALL NUMBER | |
| Classification number | K1200 |
| Item number | .I58 1957 |
| 110 2# - MAIN ENTRY--CORPORATE NAME | |
| Corporate name or jurisdiction name as entry element | International Labour Office |
| 245 10 - TITLE STATEMENT | |
| Title | Jurisdiction over the suspension of officers' certificates of competency. |
| Remainder of title | Sixth item on the agenda. |
| 260 ## - PUBLICATION, DISTRIBUTION, ETC. | |
| Place of publication, distribution, etc. | Geneva, |
| Date of publication, distribution, etc. | 1957. |
| 300 ## - PHYSICAL DESCRIPTION | |
| Extent | 9 p. |
| Dimensions | 24 cm. |
| 500 ## - GENERAL NOTE | |
| General note | At head of title: Report 6. International Labour Conference. 41st sess., 1958. |
| 650 #0 - SUBJECT ADDED ENTRY--TOPICAL TERM | |
| Topical term or geographic name entry element | Merchant marine |
| General subdivision | Officers |
| -- | Legal status, laws, etc. |
| 711 2# - ADDED ENTRY--MEETING NAME | |
| Meeting name or jurisdiction name as entry element | International Labor Conference |
| Number of part/section/meeting | (41st : |
| Date of meeting or treaty signing | 1958 (Projected) : |
| Location of meeting | Geneva) |
No items available.